[Event "WYCC 2018 O18"]
[Site "Halkidiki"]
[Date "2018.10.26"]
[Round "7"]
[White "Ioannidis, Evgenios"]
[Black "Krstic, Milos"]
[Result "1-0"]
[WhiteElo "2407"]
[BlackElo "2171"]
[Annotator "NA"]
[PlyCount "89"]
[EventDate "2018.10.20"]
[EventType "swiss"]
[EventCountry "GRE"]
[SourceTitle "playchess.com"]
[Source "ChessBase"]
[SourceQuality "1"]
[TimeControl "40/5400+30:1800+30"]

1. d4 {[%emt 0:00:00]} Nf6 {[%emt 0:00:00]} 2. c4 {[%emt 0:00:00]} e6 {[%emt 0:00:00]} 3. Nc3 {[%emt 0:00:16]} Bb4 {[%emt 0:00:00]} 4. g3 {[%emt 0:00:34]} O-O {[%emt 0:02:57]} 5. Bg2 {[%emt 0:00:18]} d5 {[%emt 0:01:32]} 6. Nf3 {[%emt 0:00:30]} c5 {[%emt 0:03:06] LiveBook: 111 Games} 7. dxc5 {[%emt 0:00:39]} Bxc3+ {[%emt 0:02:31]} 8. bxc3 {[%emt 0:00:09]} Qa5 {[%emt 0:00:22]} 9. O-O {[%emt 0:04:05]} Qxc3 $14 {[%emt 0:07:03]} 10. Qd4 {[%emt 0:13:57]} Qxc4 {[%emt 0:32:00]} 11. Qxc4 {[%emt 0:00:10]} dxc4 {[%emt 0:00:04]} 12. Ne5 {[%emt 0:00:22]} Nfd7 {[%emt 0:01:06]} 13. Nxd7 {[%emt 0:09:10]} Nxd7 {[%emt 0:00:28]} 14. Ba3 {[%emt 0:00:30]} Ne5 {[%emt 0:16:51]} 15. c6 {[%emt 0:10:23]} Nxc6 {[%emt 0:00:41]} 16. Bxf8 {[%emt 0:00:08]} Kxf8 {[%emt 0:00:01]} 17. Rab1 {[%emt 0:00:12]} Nd4 {[%emt 0:25:06]} 18. e3 {[%emt 0:02:32]} Ne2+ {[%emt 0:00:06]} 19. Kh1 {[%emt 0:00:05]} Rb8 {[%emt 0:01:44]} 20. Rb2 {[%emt 0:00:51]} Nc3 {[%emt 0:00:04]} 21. Rc1 {[%emt 0:00:05]} Na4 {[%emt 0:00:20]} 22. Rb4 {[%emt 0:00:10]} Nb6 {[%emt 0:02:22]} 23. a4 {[%emt 0:00:06]} Bd7 {[%emt 0:01:12]} 24. a5 {[%emt 0:00:28]} Nd5 {[%emt 0:00:08]} 25. Rbxc4 {[%emt 0:00:12]} a6 {[%emt 0:00:20]} 26. Rh4 {[%emt 0:17:54]} h6 {[%emt 0:00:59]} 27. Bxd5 {[%emt 0:01:17]} exd5 {[%emt 0:00:05]} 28. Rc7 {[%emt 0:00:04]} Bc6 {[%emt 0:01:48]} 29. Rf4 {[%emt 0:01:21]} f6 {[%emt 0:00:10]} 30. Rg4 {[%emt 0:01:20]} g5 {[%emt 0:00:07]} 31. h4 {[%emt 0:08:23]} d4+ {[%emt 0:00:43]} 32. Kg1 {[%emt 0:00:04]} dxe3 {[%emt 0:01:24]} 33. fxe3 {[%emt 0:00:04]} Re8 {[%emt 0:00:21]} 34. Rd4 {[%emt 0:01:41]} Rxe3 {[%emt 0:00:36]} 35. Rd8+ {[%emt 0:00:04]} Be8 {[%emt 0:00:10]} 36. Rd6 {[%emt 0:00:48]} Rxg3+ {[%emt 0:00:54]} 37. Kf2 {[%emt 0:00:05]} Rg4 {[%emt 0:00:35]} 38. Rxf6+ {[%emt 0:00:54]} Kg8 {[%emt 0:00:03]} 39. Rxb7 {[%emt 0:00:17]} Rxh4 {[%emt 0:00:59]} 40. Rxa6 {[%emt 0:00:00]} Rf4+ {[%emt 0:00:00]} 41. Ke3 {[%emt 0:01:12]} Kf8 {[%emt 0:02:26]} 42. Ra8 {[%emt 0:00:40]} Rf6 {[%emt 0:00:09]} 43. Rbb8 {[%emt 0:00:12]} Re6+ {[%emt 0:00:03]} 44. Kf2 {[%emt 0:00:17]} Kf7 {[%emt 0:00:25]} 45. Rxe8 {[%emt 0:00:14]} 1-0

[Event "WYCC 2018 O18"]
[Site "Halkidiki"]
[Date "2018.10.26"]
[Round "7"]
[White "Ayats Llobera, Gerard"]
[Black "Le, Minh Hoang"]
[Result "1/2-1/2"]
[WhiteElo "2399"]
[BlackElo "2271"]
[Annotator "NA"]
[PlyCount "81"]
[EventDate "2018.10.20"]
[EventType "swiss"]
[EventCountry "GRE"]
[SourceTitle "playchess.com"]
[Source "ChessBase"]
[SourceQuality "1"]
[TimeControl "40/5400+30:1800+30"]

1. e4 {[%emt 0:00:00]} c6 {[%emt 0:00:11]} 2. Nc3 {[%emt 0:00:00]} d5 {[%emt 0:00:09]} 3. Nf3 {[%emt 0:00:00]} Bg4 {[%emt 0:00:25]} 4. h3 {[%emt 0:00:25]} Bxf3 {[%emt 0:00:08]} 5. Qxf3 {[%emt 0:00:02]} Nf6 {[%emt 0:00:20]} 6. d3 {[%emt 0:00:06]} e6 {[%emt 0:00:14]} 7. Bd2 {[%emt 0:01:01]} Nbd7 {[%emt 0:01:05]} 8. g4 {[%emt 0:01:28]} Bc5 {[%emt 0:08:09]} (8... h6 $11 {hält das Gleichgewicht.}) 9. g5 {[%emt 0:05:02]} Ng8 {[%emt 0:01:14]} 10. h4 {[%emt 0:03:23]} Ne7 {[%emt 0:02:46]} 11. h5 {[%emt 0:03:11]} d4 {[%emt 0:10:04]} 12. Ne2 {[%emt 0:08:40]} Qb6 {[%emt 0:01:19]} 13. O-O-O $16 {[%emt 0:03:10]} Rf8 {[%emt 0:05:54]} 14. Qg3 {[%emt 0:08:17]} O-O-O {[%emt 0:01:39]} 15. Bh3 {[%emt 0:01:06]} Bb4 {[%emt 0:21:19]} 16. Bxb4 {[%emt 0:13:26]} Qxb4 {[%emt 0:00:06]} 17. Kb1 {[%emt 0:00:02]} Nb6 {[%emt 0:09:05]} 18. Nc1 {[%emt 0:07:16]} Qd6 {[%emt 0:09:02]} 19. Ne2 {[%emt 0:04:30]} c5 {[%emt 0:02:17]} 20. f4 {[%emt 0:04:32]} Kb8 {[%emt 0:01:05]} 21. Rhg1 {[%emt 0:11:22]} Nc6 {[%emt 0:03:04]} 22. g6 {[%emt 0:00:37]} hxg6 {[%emt 0:00:10]} 23. hxg6 {[%emt 0:00:04]} f6 {[%emt 0:00:17]} 24. Bf1 {[%emt 0:09:06]} Rh8 {[%emt 0:02:57]} 25. Nc1 {[%emt 0:03:24]} e5 {[%emt 0:00:34]} 26. f5 {[%emt 0:00:17]} a5 {[%emt 0:00:13]} 27. Be2 {[%emt 0:00:36]} Rh6 {[%emt 0:00:21]} 28. Rh1 {[%emt 0:00:42]} Rdh8 {[%emt 0:00:04]} 29. Bf3 {[%emt 0:06:09]} c4 {[%emt 0:00:08]} 30. Rxh6 {[%emt 0:00:33]} Rxh6 {[%emt 0:00:05]} 31. dxc4 {[%emt 0:00:12]} Nxc4 {[%emt 0:02:57]} 32. Be2 {[%emt 0:00:01]} Qb4 {[%emt 0:03:50]} 33. Bxc4 {[%emt 0:00:24]} Qxc4 {[%emt 0:00:05]} 34. a3 {[%emt 0:02:16]} Ka7 {[%emt 0:02:47]} 35. Nd3 {[%emt 0:00:15]} Ne7 {[%emt 0:01:11]} 36. Qg2 {[%emt 0:04:31]} Qc6 {[%emt 0:01:09]} 37. Rh1 {[%emt 0:00:07]} Rxh1+ {[%emt 0:00:41]} 38. Qxh1 {[%emt 0:00:01]} Nxf5 {[%emt 0:00:06]} 39. Qe1 {[%emt 0:00:01]} Ne3 {[%emt 0:05:27]} 40. Qxa5+ {[%emt 0:00:00]} Kb8 {[%emt 0:00:00]} 41. Nb4 {[%emt 0:06:26]} 1/2-1/2

[Event "WYCC 2018 O18"]
[Site "Halkidiki"]
[Date "2018.10.26"]
[Round "7"]
[White "Haug, Johannes"]
[Black "Gholami, Aryan"]
[Result "1-0"]
[WhiteElo "2391"]
[BlackElo "2493"]
[Annotator "TA"]
[PlyCount "85"]
[EventDate "2018.10.20"]
[EventType "swiss"]
[EventCountry "GRE"]
[SourceTitle "playchess.com"]
[Source "ChessBase"]
[SourceQuality "1"]

{[%evp 18,85,15,3,11,0,22,29,34,36,31,28,25,27,22,0,12,-8,0,0,0,-18,56,58,98,114,461,460,460,460,437,435,388,275,381,374,540,535,1011,606,760,759,1004,895,5122,5121,5097,5097,29974,29975,29975,29976,29976,29977,29977,29978,29978,29979,29982,29983,29987,29988,29988,29989,29989,29990,29992,29991,29992,29986]} 1. d4 Nf6 2. c4 e6 3. Nf3 d5 4. Nc3 dxc4 5. e4 Bb4 6. Bxc4 {D24: Queen's Gambit Accepted: 3 Nf3 Nf6 4 Nc3} Nxe4 7. O-O Nxc3 (7... Nf6 8. Qa4+ Nc6 9. Ne5 Rb8 10. d5 exd5 11. Nxd5 Nxd5 12. Nxc6 bxc6 13. Qxc6+ Qd7 14. Bxd5 {½-½ (28) Aronian,L (2764)-Caruana,F (2822) Stavanger 2018}) 8. bxc3 Be7 9. Ne5 O-O 10. Qg4 {LiveBook: 119 Games} Nc6 11. Re1 f5 (11... Nxe5 {looks sharper.} 12. dxe5 Kh8 13. Rd1 Qe8 14. Rd3 f5) 12. Qf3 Nxe5 13. Rxe5 Kh8 {[#]} 14. Bf4 $146 {[%mdl 1024] White has compensation.} g5 15. Bd2 Bd6 16. Rae1 Qf6 17. Bb3 Bxe5 18. Rxe5 a5 19. a4 Rd8 (19... Bd7 $11) 20. h4 $1 $36 {[%mdl 2048] White fights for an advantage.} gxh4 21. Bf4 Qg6 $2 {[%mdl 8192] [#]} (21... Kg7 $16) 22. Rxf5 $1 $18 {[%mdl 512]} Qxf5 (22... exf5 23. Be5+) 23. Be5+ Qxe5 24. dxe5 {Threatening mate with Qf6+.} Rg8 25. Qf6+ Rg7 26. f4 {[%cal Bf2f4,Bf4f5][%mdl 32]} Bd7 (26... b5 $142 27. Qd8+ (27. Qxh4 bxa4 28. Qd8+ Rg8 $14) (27. axb5 a4 $14) 27... Rg8 28. Qxh4 Bb7) 27. f5 Bc6 28. Bxe6 Bxg2 29. Kh2 c6 30. Ba2 Bd5 31. Bxd5 cxd5 {[%mdl 4096] Endgame KQ-KRR} 32. e6 Rag8 33. Qd4 {White mates.} h6 34. f6 Rg2+ 35. Kh3 R8g3+ 36. Kxh4 Rg5 37. Qf4 Rg1 38. Qf3 R1g2 {[#]} 39. Qxg2 $3 {[%mdl 512]} Rxg2 40. e7 Re2 41. f7 Re4+ 42. Kg3 Re3+ 43. Kf2 {Precision: White = 88%, Black = 33%.} 1-0

[Event "WYCC 2018 O18"]
[Site "Halkidiki"]
[Date "2018.10.26"]
[Round "7"]
[White "Burovic, Rijad"]
[Black "Tifferet, Shaked"]
[Result "1-0"]
[WhiteElo "2380"]
[BlackElo "2254"]
[Annotator "NA"]
[PlyCount "121"]
[EventDate "2018.10.20"]
[EventType "swiss"]
[EventCountry "GRE"]
[SourceTitle "playchess.com"]
[Source "ChessBase"]
[SourceQuality "1"]
[TimeControl "40/5400+30:1800+30"]

1. e4 {[%emt 0:00:00]} e5 {[%emt 0:00:00]} 2. Nf3 {[%emt 0:00:00]} Nc6 {[%emt 0:00:00]} 3. d4 {[%emt 0:00:00]} exd4 {[%emt 0:00:00]} 4. Nxd4 {[%emt 0:00:05]} Nf6 {[%emt 0:00:00]} 5. Nxc6 {[%emt 0:00:10]} bxc6 {[%emt 0:00:05]} 6. e5 {[%emt 0:00:21]} Qe7 {[%emt 0:00:25]} 7. Qe2 {[%emt 0:00:09]} Nd5 {[%emt 0:00:06]} 8. Nd2 {[%emt 0:01:37]} g6 {[%emt 0:03:43]} 9. c4 {[%emt 0:00:50]} Nb6 {[%emt 0:01:20]} 10. Ne4 {[%emt 0:00:22]} Bg7 {[%emt 0:06:58]} 11. Bg5 {[%emt 0:01:06]} Qb4+ {[%emt 0:15:40]} 12. Qd2 {[%emt 0:01:35]} Qxd2+ {[%emt 0:02:22]} 13. Kxd2 {[%emt 0:00:23]} Bxe5 {[%emt 0:18:21]} 14. Nf6+ {[%emt 0:01:09]} Bxf6 {[%emt 0:04:37]} 15. Re1+ {[%emt 0:00:27]} Kf8 {[%emt 0:00:52]} 16. Bxf6 {[%emt 0:00:18]} Rg8 {[%emt 0:00:10]} 17. Re7 {[%emt 0:01:45]} d5 {[%emt 0:10:21]} 18. Rxc7 {[%emt 0:03:57]} dxc4 {[%emt 0:01:42]} 19. Rxc6 {[%emt 0:14:33]} Be6 {[%emt 0:01:15]} 20. Be2 {[%emt 0:07:46]} Bd5 {[%emt 0:02:15]} 21. Rd6 {[%emt 0:01:35]} Bxg2 {[%emt 0:01:05]} 22. Rg1 {[%emt 0:09:59]} Bd5 {[%emt 0:01:30]} 23. Rg4 {[%emt 0:04:04]} c3+ {[%emt 0:14:40]} 24. bxc3 {[%emt 0:01:26]} g5 {[%emt 0:10:21]} 25. Rd4 {[%emt 0:02:42]} Rg6 {[%emt 0:02:14]} 26. Bf3 {[%emt 0:00:54]} Nc4+ {[%emt 0:00:36]} 27. Rxc4 {[%emt 0:05:06]} Bxf3 {[%emt 0:00:06]} 28. Rcd4 {[%emt 0:25:04]} Re8 {[%emt 0:00:11]} 29. c4 {[%emt 0:00:29]} Rh6 {[%emt 0:01:56]} 30. Be7+ {[%emt 0:00:48]} Kg7 {[%emt 0:00:01]} 31. Rxh6 {[%emt 0:03:17]} Kxh6 {[%emt 0:00:02]} 32. Rd7 {[%emt 0:00:33]} a6 {[%emt 0:01:51]} 33. Ke3 {[%emt 0:01:15]} Bg4 {[%emt 0:00:54]} 34. Rb7 {[%emt 0:03:18]} Be6 {[%emt 0:00:41]} 35. Kd4 {[%emt 0:01:14]} Rc8 {[%emt 0:00:09]} 36. c5 {[%emt 0:02:20]} Bxa2 {[%emt 0:00:04]} 37. Rb6+ {[%emt 0:01:49]} Be6 {[%emt 0:00:02]} 38. c6 {[%emt 0:00:57]} Kg6 {[%emt 0:01:44]} 39. Rxa6 {[%emt 0:02:15]} f6 {[%emt 0:00:37]} 40. Bd6 {[%emt 0:00:00]} g4 {[%emt 0:00:00]} 41. c7 {[%emt 0:04:03]} Kf7 {[%emt 0:06:07]} 42. Kc5 {[%emt 0:02:45]} Re8 {[%emt 0:14:29]} 43. Bg3 {[%emt 0:02:44]} Ke7 {[%emt 0:00:47]} 44. Rd6 {[%emt 0:03:16]} Bd7 {[%emt 0:06:54]} 45. Kb6 {[%emt 0:02:24]} Bf5 {[%emt 0:00:51]} 46. Rd4 {[%emt 0:01:46]} Rg8 {[%emt 0:04:18]} 47. Bd6+ {[%emt 0:00:48]} Kf7 {[%emt 0:00:34]} 48. Bc5 {[%emt 0:00:40]} Rg6 {[%emt 0:00:31]} 49. Rd8 {[%emt 0:02:21]} Rh6 {[%emt 0:00:27]} 50. Bd6 {[%emt 0:02:49]} Rh3 {[%emt 0:00:21]} 51. c8=Q {[%emt 0:01:51]} Rb3+ {[%emt 0:00:13]} 52. Kc6 {[%emt 0:01:02]} Rc3+ {[%emt 0:00:54]} 53. Bc5 {[%emt 0:00:43]} Bxc8 {[%emt 0:00:05]} 54. Rxc8 {[%emt 0:00:04]} Rh3 {[%emt 0:00:45]} 55. Kd7 {[%emt 0:04:30]} Rxh2 {[%emt 0:00:19]} 56. Rf8+ {[%emt 0:00:16]} Kg7 {[%emt 0:00:36]} 57. Ke6 {[%emt 0:01:07]} Rg2 {[%emt 0:00:47]} 58. Rf7+ {[%emt 0:00:51]} Kg6 {[%emt 0:00:27]} 59. Rxf6+ {[%emt 0:00:58]} Kh5 {[%emt 0:00:19]} 60. Be3 {[%emt 0:00:26]} g3 {[%emt 0:00:13]} 61. f3 {[%emt 0:00:11]} 1-0

[Event "WYCC 2018 O18"]
[Site "Halkidiki"]
[Date "2018.10.26"]
[Round "7"]
[White "Miciano, John Marvin"]
[Black "Beukema, Jasper"]
[Result "1-0"]
[WhiteElo "2361"]
[BlackElo "2256"]
[Annotator "NA"]
[PlyCount "79"]
[EventDate "2018.10.20"]
[EventType "swiss"]
[EventCountry "GRE"]
[SourceTitle "playchess.com"]
[Source "ChessBase"]
[SourceQuality "1"]
[TimeControl "40/5400+30:1800+30"]

1. c4 {[%emt 0:00:00]} e5 {[%emt 0:00:00]} 2. e3 {[%emt 0:01:04]} Nc6 {[%emt 0:02:16]} 3. Nc3 {[%emt 0:00:56]} d6 {[%emt 0:00:35]} 4. g3 {[%emt 0:05:38]} g6 {[%emt 0:01:42]} 5. Bg2 {[%emt 0:00:10]} Bg7 {[%emt 0:00:10]} 6. Rb1 {[%emt 0:00:18]} f5 {[%emt 0:01:27]} 7. d3 {[%emt 0:00:15]} Nf6 {[%emt 0:00:32]} 8. b4 {[%emt 0:00:53]} O-O {[%emt 0:00:22]} 9. Nge2 {[%emt 0:00:32]} h6 {[%emt 0:04:39]} 10. b5 {[%emt 0:01:10]} Ne7 {[%emt 0:00:07]} 11. O-O {[%emt 0:01:05]} g5 {[%emt 0:02:08]} 12. f4 $14 {[%emt 0:00:12] LiveBook: 7 Games} gxf4 {[%emt 0:03:21]} 13. exf4 {[%emt 0:04:30]} h5 {[%emt 0:05:43]} 14. Kh1 {[%emt 0:01:53]} Qe8 {[%emt 0:04:12]} 15. fxe5 {[%emt 0:02:54]} dxe5 {[%emt 0:00:41]} 16. d4 {[%emt 0:00:22]} e4 {[%emt 0:03:12]} 17. Nf4 {[%emt 0:02:40]} Qf7 {[%emt 0:02:25]} 18. d5 {[%emt 0:07:22]} a6 {[%emt 0:21:51]} 19. Qb3 {[%emt 0:10:31]} Ng6 {[%emt 0:04:36]} 20. Nxg6 {[%emt 0:09:44]} Qxg6 {[%emt 0:00:06]} 21. Bf4 {[%emt 0:01:49]} Qf7 {[%emt 0:02:52]} 22. a4 {[%emt 0:08:43]} Re8 {[%emt 0:12:53]} 23. Ne2 {[%emt 0:03:57]} axb5 {[%emt 0:03:07]} 24. axb5 {[%emt 0:00:08]} Nd7 {[%emt 0:00:57]} 25. Be3 {[%emt 0:02:17]} Ne5 {[%emt 0:05:30]} 26. Bd4 {[%emt 0:11:24]} Qe7 {[%emt 0:02:46]} 27. c5 {[%emt 0:04:11]} Kh7 {[%emt 0:01:22]} 28. Nf4 {[%emt 0:09:03]} h4 {[%emt 0:03:16]} 29. Rbd1 {[%emt 0:05:02]} Ng4 {[%emt 0:03:53]} 30. d6 {[%emt 0:00:47]} cxd6 {[%emt 0:01:06]} 31. cxd6 {[%emt 0:00:17]} Qd7 {[%emt 0:01:07]} 32. Bxg7 {[%emt 0:02:35]} Qxg7 {[%emt 0:02:58]} 33. Bh3 {[%emt 0:01:24]} e3 {[%emt 0:03:54]} 34. Bxg4 {[%emt 0:00:42]} fxg4 {[%emt 0:00:29]} 35. Qd3+ {[%emt 0:00:34]} Kh8 {[%emt 0:00:41]} 36. Ng6+ {[%emt 0:01:50]} Kg8 {[%emt 0:00:22]} 37. Ne7+ {[%emt 0:00:32]} Kh8 {[%emt 0:00:20]} 38. Qd5 {[%emt 0:00:40]} Bd7 {[%emt 0:00:46]} 39. Rf7 {[%emt 0:00:39]} Rxe7 {[%emt 0:00:33]} 40. dxe7 {[%emt 0:00:00]} 1-0

[Event "WYCC 2018 O18"]
[Site "Halkidiki"]
[Date "2018.10.26"]
[Round "7"]
[White "Mitrabha, Guha"]
[Black "Pedoson, Georg Aleksander"]
[Result "1-0"]
[WhiteElo "2352"]
[BlackElo "2162"]
[Annotator "NA"]
[PlyCount "57"]
[EventDate "2018.10.20"]
[EventType "swiss"]
[EventCountry "GRE"]
[SourceTitle "playchess.com"]
[Source "ChessBase"]
[SourceQuality "1"]
[TimeControl "40/5400+30:1800+30"]

1. Nf3 {[%emt 0:05:13]} f5 {[%emt 0:00:00]} 2. d3 {[%emt 0:02:06]} Nc6 {[%emt 0:00:00]} 3. g3 {[%emt 0:01:55]} e5 {[%emt 0:00:19]} 4. Bg2 {[%emt 0:00:26]} Nf6 {[%emt 0:00:06]} 5. c4 {[%emt 0:00:06]} Be7 {[%emt 0:01:38]} 6. Nc3 {[%emt 0:00:07]} O-O {[%emt 0:02:38]} 7. O-O {[%emt 0:00:08]} Qe8 {[%emt 0:00:35]} 8. Nd5 {[%emt 0:02:27]} Bd8 {[%emt 0:00:27]} 9. Bg5 {[%emt 0:00:22]} Nxd5 $16 {[%emt 0:10:43]} 10. cxd5 {[%emt 0:02:00]} Nd4 {[%emt 0:00:06]} 11. Bxd8 {[%emt 0:00:41]} Nxf3+ {[%emt 0:00:13]} 12. Bxf3 {[%emt 0:00:05]} Qxd8 {[%emt 0:00:04]} 13. Rc1 {[%emt 0:00:16]} a5 {[%emt 0:19:50]} 14. Rc3 {[%emt 0:03:08]} Kh8 {[%emt 0:04:13]} 15. Bg2 {[%emt 0:02:38]} f4 {[%emt 0:07:40]} 16. d4 {[%emt 0:00:43]} d6 {[%emt 0:02:00]} 17. dxe5 {[%emt 0:00:27]} dxe5 {[%emt 0:00:04]} 18. Qb3 {[%emt 0:02:00]} Bg4 {[%emt 0:06:47]} 19. Rfc1 {[%emt 0:05:03]} Bxe2 {[%emt 0:05:04]} 20. Rxc7 {[%emt 0:00:11]} b5 {[%emt 0:01:21]} 21. Qc3 {[%emt 0:04:17]} Qf6 {[%emt 0:01:22]} 22. Qc6 {[%emt 0:07:11]} Qf5 {[%emt 0:02:05]} 23. Qe6 {[%emt 0:05:00]} Qh5 {[%emt 0:03:14]} 24. Qe7 {[%emt 0:06:17]} Qg6 {[%emt 0:02:49]} 25. Be4 {[%emt 0:01:02]} Qh6 {[%emt 0:00:31]} 26. R1c6 {[%emt 0:01:27]} fxg3 {[%emt 0:01:10]} 27. hxg3 {[%emt 0:00:08]} g6 {[%emt 0:00:09]} 28. Qxe5+ {[%emt 0:00:04]} Kg8 {[%emt 0:00:05]} 29. d6 {[%emt 0:00:47]} 1-0

[Event "WYCC 2018 O18"]
[Site "Halkidiki"]
[Date "2018.10.26"]
[Round "7"]
[White "Stijve, Theo"]
[Black "Dallemagne, Maximilien"]
[Result "1/2-1/2"]
[WhiteElo "2345"]
[BlackElo "2094"]
[Annotator "NA"]
[PlyCount "112"]
[EventDate "2018.10.20"]
[EventType "swiss"]
[EventCountry "GRE"]
[SourceTitle "playchess.com"]
[Source "ChessBase"]
[SourceQuality "1"]
[TimeControl "40/5400+30:1800+30"]

1. e4 {[%emt 0:00:12]} e6 {[%emt 0:00:00]} 2. d4 {[%emt 0:00:08]} d5 {[%emt 0:00:00]} 3. Nc3 {[%emt 0:00:11]} Bb4 {[%emt 0:00:00]} 4. e5 {[%emt 0:00:08]} c5 {[%emt 0:00:00]} 5. a3 {[%emt 0:00:05]} Bxc3+ {[%emt 0:00:01]} 6. bxc3 {[%emt 0:00:07]} Qa5 {[%emt 0:00:13]} 7. Bd2 {[%emt 0:00:17]} Qa4 {[%emt 0:00:40]} 8. Qg4 {[%emt 0:00:09]} Kf8 {[%emt 0:03:47]} 9. Nf3 {[%emt 0:00:34]} Nc6 {[%emt 0:04:18]} 10. Be2 {[%emt 0:02:36]} Nge7 {[%emt 0:04:05]} 11. O-O {[%emt 0:01:18]} Bd7 $14 {[%emt 0:11:44]} 12. Ra2 {[%emt 0:12:29]} Ng6 {[%emt 0:11:16]} 13. Rb1 {[%emt 0:08:31]} Nd8 {[%emt 0:14:12]} 14. h4 {[%emt 0:04:09]} h6 {[%emt 0:06:31]} 15. c4 {[%emt 0:12:16]} dxc4 {[%emt 0:10:20]} 16. dxc5 {[%emt 0:01:59]} Bc6 {[%emt 0:02:55]} 17. Rb4 {[%emt 0:13:01]} Qa5 {[%emt 0:02:12]} 18. Qd4 {[%emt 0:15:13]} Bd5 {[%emt 0:01:02]} 19. Rxb7 {[%emt 0:03:16]} Qa6 {[%emt 0:01:32]} 20. Rb1 {[%emt 0:01:18]} Nc6 {[%emt 0:01:59]} 21. Qe3 {[%emt 0:03:39]} h5 {[%emt 0:03:09]} 22. Bc3 {[%emt 0:01:54]} Nge7 {[%emt 0:01:07]} 23. Nd2 {[%emt 0:02:10]} Na5 {[%emt 0:02:08]} 24. Rab2 {[%emt 0:01:05]} Nac6 {[%emt 0:02:51]} 25. Rb5 {[%emt 0:04:31]} Qa4 {[%emt 0:02:21]} 26. R1b2 {[%emt 0:01:05]} Rh6 {[%emt 0:04:23]} 27. g3 {[%emt 0:02:50]} Rd8 {[%emt 0:01:34]} 28. Qg5 {[%emt 0:06:00]} Qxa3 {[%emt 0:01:20]} 29. Nb1 {[%emt 0:00:22]} Qa4 {[%emt 0:02:27]} 30. Bxh5 {[%emt 0:01:13]} Rh7 {[%emt 0:04:04]} 31. Rb7 {[%emt 0:00:59]} g6 {[%emt 0:00:56]} 32. Be2 {[%emt 0:00:48]} Be4 {[%emt 0:00:24]} 33. Qf4 {[%emt 0:01:15]} Bxc2 {[%emt 0:00:34]} 34. Qxc4 {[%emt 0:00:29]} Qxc4 {[%emt 0:01:21]} 35. Bxc4 {[%emt 0:00:01]} Rd1+ {[%emt 0:00:26]} 36. Kg2 {[%emt 0:00:01]} Be4+ {[%emt 0:01:29]} 37. f3 {[%emt 0:00:01]} Bd5 {[%emt 0:00:02]} 38. Be2 {[%emt 0:01:37]} Rc1 {[%emt 0:00:23]} 39. R7b5 {[%emt 0:00:10]} a6 {[%emt 0:00:59]} 40. Rb6 {[%emt 0:00:00]} Nf5 {[%emt 0:00:00]} 41. Rd2 {[%emt 0:14:03]} g5 {[%emt 0:08:16]} 42. Bd3 {[%emt 0:04:06]} g4 {[%emt 0:04:10]} 43. Be4 {[%emt 0:03:49]} gxf3+ {[%emt 0:01:10]} 44. Bxf3 {[%emt 0:00:50]} Rg7 {[%emt 0:00:18]} 45. Bxd5 {[%emt 0:02:13]} Rxg3+ {[%emt 0:00:40]} 46. Kf2 {[%emt 0:02:09]} exd5 {[%emt 0:01:16]} 47. Rxc6 {[%emt 0:02:14]} Rxb1 {[%emt 0:01:28]} 48. Ba5 {[%emt 0:01:49]} Rbg1 {[%emt 0:05:06]} 49. Rc8+ {[%emt 0:01:37]} Kg7 {[%emt 0:02:16]} 50. c6 {[%emt 0:01:21]} R1g2+ {[%emt 0:07:17]} 51. Ke1 {[%emt 0:00:57]} Rg1+ {[%emt 0:00:50]} 52. Ke2 {[%emt 0:00:35]} R1g2+ {[%emt 0:02:35]} 53. Ke1 {[%emt 0:01:52]} Rg1+ {[%emt 0:00:05]} 54. Ke2 {[%emt 0:00:23]} R1g2+ {[%emt 0:00:01]} 55. Kd1 {[%emt 0:00:21]} Rg1+ {[%emt 0:00:34]} 56. Ke2 {[%emt 0:00:37]} R1g2+ 1/2-1/2

[Event "WYCC 2018 O18"]
[Site "Halkidiki"]
[Date "2018.10.26"]
[Round "7"]
[White "Ahmadzada, Ahmad"]
[Black "Lindbol, Aleksander"]
[Result "1-0"]
[WhiteElo "2343"]
[BlackElo "2166"]
[Annotator "NA"]
[PlyCount "69"]
[EventDate "2018.10.20"]
[EventType "swiss"]
[EventCountry "GRE"]
[SourceTitle "playchess.com"]
[Source "ChessBase"]
[SourceQuality "1"]
[TimeControl "40/5400+30:1800+30"]

1. Nf3 {[%emt 0:00:00]} Nf6 2. c4 {[%emt 0:00:00]} e6 {[%emt 0:00:26]} 3. g3 {[%emt 0:00:00]} d5 {[%emt 0:00:10]} 4. Bg2 {[%emt 0:00:03]} dxc4 {[%emt 0:00:14]} 5. Qa4+ {[%emt 0:00:11]} Nbd7 {[%emt 0:00:11]} 6. Qxc4 {[%emt 0:00:09]} a6 {[%emt 0:00:09]} 7. O-O {[%emt 0:04:00]} b5 {[%emt 0:00:37]} 8. Qc2 {[%emt 0:00:10]} Bb7 {[%emt 0:00:09]} 9. b3 {[%emt 0:03:32]} c5 {[%emt 0:00:37]} 10. Bb2 {[%emt 0:00:18]} Be7 {[%emt 0:00:14]} 11. d3 {[%emt 0:00:26]} O-O {[%emt 0:00:18]} 12. Nbd2 {[%emt 0:00:23]} Rc8 {[%emt 0:00:30]} 13. Rac1 {[%emt 0:00:48]} Qb6 {[%emt 0:00:32]} 14. Qb1 {[%emt 0:01:03]} Rfd8 {[%emt 0:00:27]} 15. Qa1 {[%emt 0:00:31]} Ne8 {[%emt 0:00:28]} 16. Rc2 {[%emt 0:04:48] LiveBook: 4 Games} Bf6 {[%emt 0:00:34]} 17. Rfc1 {[%emt 0:01:13]} Bxb2 {[%emt 0:00:38]} 18. Qxb2 {[%emt 0:00:26]} Nef6 $11 {[%emt 0:00:17]} 19. Ne5 {[%emt 0:04:51]} Bxg2 {[%emt 0:27:42]} 20. Kxg2 {[%emt 0:01:11]} h5 {[%emt 0:05:53]} 21. Nxd7 {[%emt 0:03:31]} Rxd7 {[%emt 0:03:38]} 22. Nf3 {[%emt 0:02:05]} Rd5 {[%emt 0:11:00]} 23. b4 {[%emt 0:07:32]} Nd7 {[%emt 0:11:42]} 24. Qa3 {[%emt 0:05:23]} a5 {[%emt 0:05:47]} 25. bxa5 {[%emt 0:05:46]} Qa6 {[%emt 0:00:14]} 26. d4 {[%emt 0:06:02]} b4 {[%emt 0:08:02]} 27. Qd3 {[%emt 0:02:44]} Qxa5 {[%emt 0:06:58]} 28. e4 {[%emt 0:01:31]} Rd6 {[%emt 0:00:14]} 29. e5 {[%emt 0:02:14]} Rd5 {[%emt 0:00:24]} 30. Ng5 {[%emt 0:02:58]} Nf8 {[%emt 0:01:44]} 31. Qf3 {[%emt 0:02:02]} f6 {[%emt 0:04:54]} 32. Nxe6 {[%emt 0:02:10]} c4 {[%emt 0:01:25]} 33. Nxg7 {[%emt 0:07:20]} Rxd4 {[%emt 0:05:24]} 34. Nf5 {[%emt 0:01:14]} Qxe5 {[%emt 0:01:06]} 35. Re2 {[%emt 0:00:26]} 1-0